| 000 | 00335nam a2200121Ia 4500 | ||
|---|---|---|---|
| 008 | 220214s9999 xx 000 0 und d | ||
| 100 | _aSpoon W | ||
| 245 | 0 | _aComposition and properties of rotenone-containing Mundulea-bark | |
| 260 |
_bTijdschrift over Planteziekten _c1959 |
||
| 300 | _a79-88 | ||
| 700 | _aLoosjes F.E. | ||
| 942 | _cRE | ||
| 999 |
_c46037 _d46037 |
||